00898cam a22003014i 4500003000900000005001700009008004100026035001800067040003300085082002100118100002900139245005800168264005500226300002700281336002100308337002500329338002300354500002000377504002800397505008900425526000900514526000900523526000800532526000800540526000800548526000800556650003200564PE-LiUPU20250731175645.0150616s r 000 0 d a(Sirsi) a8665 aPE-LiUPUbspacPE-LiUPUerda04a487.415bM862211 aMueller, Walter,eautor.10aGrammatical aids for students of New Testament greek. 1aTennessee :bW. B. Eerdmnas Publishing Co.,c1995. a86 páginas ;c23 cm. atext2rdacontent aunmediated2rdamedia avolume2rdacarrier aOtra ed.: 1979. aIncluye bibliografía.0 aAccent.- Nouns.- Verbs.- Pronouns.- Adjetives.- Adverbs.- Participles.- Infinitives. aP145 aP127 aP97 aP35 aP14 aP0704aGRIEGO BIBLICO - GRAMATICA.